Sports Quiz

Random Sports or MLB Quiz

MLB RBI Leaders by Franchise (Season) Quiz Stats

 Plays Quiz Updated Sep 17, 2019

Score 0/300 Timer 20:00
1 Play Today
Franchise Player % Correct
YankeesBabe Ruth
92%
YankeesBabe Ruth
92%
YankeesBabe Ruth
92%
BravesAndruw Jones
91.8%
BravesAndruw Jones
91.8%
PhilliesRyan Howard
89.3%
PhilliesRyan Howard
89.3%
PhilliesRyan Howard
89.3%
YankeesAlex Rodriguez
89%
MarinersAlex Rodriguez
89%
MarinersAlex Rodriguez
89%
RangersAlex Rodriguez
89%
RangersAlex Rodriguez
89%
GiantsBarry Bonds
88%
BrewersPrince Fielder
87.4%
BrewersPrince Fielder
87.4%
BrewersPrince Fielder
87.4%
BravesHank Aaron
87.1%
BravesHank Aaron
87.1%
Red SoxManny Ramirez
86.8%
IndiansManny Ramirez
86.8%
IndiansManny Ramirez
86.8%
DiamondbacksLuis Gonzalez
86.8%
DiamondbacksLuis Gonzalez
86.8%
DiamondbacksLuis Gonzalez
86.8%
DiamondbacksLuis Gonzalez
86.8%
IndiansJuan Gonzalez
86.8%
RangersJuan Gonzalez
86.8%
RangersJuan Gonzalez
86.8%
RangersJuan Gonzalez
86.8%
RangersJuan Gonzalez
86.8%
PadresAdrian Gonzalez
86.8%
CubsSammy Sosa
86.8%
CubsSammy Sosa
86.8%
CubsSammy Sosa
86.8%
CubsSammy Sosa
86.8%
AstrosJeff Bagwell
86%
AstrosJeff Bagwell
86%
AstrosJeff Bagwell
86%
AstrosJeff Bagwell
86%
AstrosJeff Bagwell
86%
Red SoxTed Williams
85.4%
Red SoxTed Williams
85.4%
DiamondbacksMatt Williams
85.3%
OriolesKen Williams
85.2%
MarinersKen Griffey Jr.
85%
MarinersKen Griffey Jr.
85%
MarinersKen Griffey Jr.
85%
MarinersKen Griffey Jr.
85%
CardinalsAlbert Pujols
84.8%
YankeesLou Gehrig
84.6%
YankeesLou Gehrig
84.6%
YankeesLou Gehrig
84.6%
YankeesLou Gehrig
84.6%
YankeesLou Gehrig
84.6%
White SoxFrank Thomas
83.1%
White SoxFrank Thomas
83.1%
White SoxFrank Thomas
83.1%
White SoxFrank Thomas
83.1%
BrewersGorman Thomas
82.9%
MarlinsMiguel Cabrera
82.6%
MarlinsMiguel Cabrera
82.6%
MarlinsMiguel Cabrera
82.6%
MarlinsMiguel Cabrera
82.6%
TigersMiguel Cabrera
82.6%
MarlinsGiancarlo Stanton
82.4%
MetsDavid Wright
82.1%
MetsDavid Wright
82.1%
CardinalsMark McGwire
81.7%
CardinalsMark McGwire
81.7%
RockiesTodd Helton
80.9%
RockiesTodd Helton
80.9%
GiantsWillie Mays
80.8%
AngelsAlbert Pujols
80%
NationalsGuerrero/Zimmerman
78.7%
RoyalsGeorge Brett
78.7%
RoyalsGeorge Brett
78.7%
NationalsVladimir Guerrero
78.3%
NationalsVladimir Guerrero
78.3%
NationalsVladimir Guerrero
78.3%
NationalsVladimir Guerrero
78.3%
AngelsVladimir Guerrero
78.3%
AngelsVladimir Guerrero
78.3%
RedsJohnny Bench
77.6%
RedsJohnny Bench
77.6%
RedsFrank Robinson
77.3%
OriolesFrank Robinson
77.3%
RaysEvan Longoria
76.1%
RaysEvan Longoria
76.1%
Red SoxDavid Ortiz
75.8%
PiratesJake Stenzel/Glenn Wright
75.3%
AstrosLance Berkman
74.2%
AstrosLance Berkman
74.2%
AstrosLance Berkman
74.2%
MarlinsCarlos Delgado
74.2%
MetsCarlos Delgado
74.2%
MetsCarlos Delgado
74.2%
Blue JaysCarlos Delgado
74.2%
Blue JaysCarlos Delgado
74.2%
Blue JaysCarlos Delgado
74.2%
Franchise Player % Correct
PadresJoe Carter
72.7%
Blue JaysJoe Carter
72.7%
Blue JaysJoe Carter
72.7%
TwinsHarmon Killebrew
72.1%
TwinsHarmon Killebrew
72.1%
TwinsHarmon Killebrew
72.1%
YankeesJoe DiMaggio
71.8%
MetsMike Piazza
70.9%
MetsMike Piazza
70.9%
CubsHack Wilson
70.7%
CubsHack Wilson
70.7%
Red SoxJimmie Foxx
70.6%
Red SoxJimmie Foxx
70.6%
AthleticsJimmie Foxx
70.6%
AthleticsJimmie Foxx
70.6%
AthleticsJimmie Foxx
70.6%
AthleticsJimmie Foxx
70.6%
MarlinsPreston Wilson
70.6%
RockiesPreston Wilson
70.6%
TwinsJustin Morneau
70.1%
TwinsJustin Morneau
70.1%
Blue JaysShawn Green
69.9%
MarinersEdgar Martinez
69.8%
DiamondbacksJay Bell
69.2%
Blue JaysGeorge Bell
69.2%
OriolesBeau Bell
69.1%
MetsCarlos Beltran
68.9%
DiamondbacksPaul Goldschmidt
68.6%
DiamondbacksPaul Goldschmidt
68.6%
PiratesWillie Stargell
68.3%
CubsErnie Banks
68.2%
AngelsGarret Anderson
67.6%
AngelsGarret Anderson
67.6%
AngelsGarret Anderson
67.6%
RangersJosh Hamilton
67.4%
RangersJosh Hamilton
67.4%
NationalsAndre Dawson
67.3%
CubsAndre Dawson
67.3%
White SoxAlbert Belle
66.9%
IndiansAlbert Belle
66.9%
White SoxShoeless Joe Jackson
66.9%
RaysCarlos Pena
66.5%
RaysCarlos Pena
66.5%
RaysCarlos Pena
66.5%
MetsHoward Johnson
65.9%
RedsDeron Johnson
65.8%
BravesGary Sheffield
64.3%
MarlinsGary Sheffield
64.3%
TwinsKirby Puckett
63.6%
Blue JaysJose Bautista
62.7%
DodgersMatt Kemp
62.6%
DodgersTommy Davis
61.9%
GiantsGeorge Davis
61.9%
GiantsMel Ott
61.9%
GiantsMel Ott
61.9%
GiantsMel Ott
61.9%
AthleticsJason Giambi
61.8%
Red SoxMo Vaughn
61.7%
AngelsMo Vaughn
61.7%
PadresGreg Vaughn
61.6%
RockiesAndres Galarraga
60.7%
RockiesAndres Galarraga
60.7%
TigersHank Greenberg
60.5%
TigersHank Greenberg
60.5%
TigersHank Greenberg
60.5%
TigersHank Greenberg
60.5%
TigersHank Greenberg
60.5%
OriolesRafael Palmeiro
60.3%
RangersRafael Palmeiro
60.3%
NationalsRyan Zimmerman
59.8%
RockiesDante Bichette
59.3%
RockiesDante Bichette
59.3%
PiratesHonus Wagner
59.2%
DodgersDuke Snider
59%
DodgersDuke Snider
59%
DodgersDuke Snider
59%
OriolesMiguel Tejada
58.1%
AthleticsMiguel Tejada
58.1%
BravesEddie Mathews
57.9%
MarinersJay Buhner
57.8%
PadresTony Gwynn
56.1%
PadresKen Caminiti
55.9%
RedsGeorge Foster
55.7%
OriolesEddie Murray
54.4%
RaysFred McGriff
54.1%
RaysFred McGriff
54.1%
CubsRogers Hornsby
51.1%
CardinalsRogers Hornsby
51.1%
CardinalsRogers Hornsby
51.1%
MarlinsMarcell Ozuna
50.6%
RockiesNolan Arenado
50.5%
PiratesRalph Kiner
50.3%
PiratesRalph Kiner
50.3%
PiratesRalph Kiner
50.3%
BrewersRichie Sexson
50.2%
BrewersRichie Sexson
50.2%
RedsTony Perez
50%
RockiesVinny Castilla
49.9%
AngelsTim Salmon
48.9%
White SoxMagglio Ordonez
48.5%
Franchise Player % Correct
White SoxMagglio Ordonez
48.5%
TigersMagglio Ordonez
48.5%
OriolesChris Davis
48.3%
PadresDave Winfield
47.3%
TigersMiguel Cabrera
44.8%
DodgersRoy Campanella
44.7%
MarinersBret Boone
44.4%
IndiansEd Morgan
44.1%
RoyalsMike Sweeney
43.8%
RoyalsJermaine Dye
43.1%
RoyalsJermaine Dye
43.1%
RockiesMatt Holliday
42.3%
CubsCap Anson
41.8%
MarlinsMoises Alou
41.3%
AstrosMoises Alou
41.3%
BrewersCecil Cooper
40.6%
BrewersCecil Cooper
40.6%
BrewersCecil Cooper
40.6%
Blue JaysEdwin Encarnacion
40%
GiantsOrlando Cepeda
37.4%
PiratesBrian Giles
37%
PiratesPaul Waner
36.7%
RedsDave Parker
36.3%
DiamondbacksPaul Goldschmidt
35.9%
RedsTed Kluszewski
35.5%
RangersMark Teixeira
35.5%
DodgersGil Hodges
35%
AstrosRichard Hidalgo
34.2%
CardinalsJohnny Mize
33.8%
GiantsJohnny Mize
33.8%
AngelsDon Baylor
33.1%
PadresChase Headley
32.6%
PhilliesChuck Klein
32.5%
PhilliesChuck Klein
32.5%
PhilliesChuck Klein
32.5%
AthleticsAl Simmons
32.2%
AthleticsAl Simmons
32.2%
AthleticsAl Simmons
32.2%
IndiansTris Speaker
31.9%
CardinalsJoe Torre
29.3%
NationalsTim Wallach
28.4%
CardinalsJoe Medwick
27.9%
CardinalsJoe Medwick
27.9%
RoyalsHal McRae
27.7%
PadresPhil Nevin
27.4%
MetsRobin Ventura
27.4%
TigersRocky Colavito
26.5%
RoyalsJeff King
26.4%
RaysAubrey Huff
25.2%
RaysAubrey Huff
25.2%
AthleticsHome Run Baker
24.4%
BrewersJeromy Burnitz
24.2%
DiamondbacksJake Lamb
23.2%
PadresRyan Klesko
23.1%
IndiansAl Rosen
22.7%
BravesJimmy Collins
22.7%
PadresNate Colbert
22.6%
PhilliesSam Thompson
22.6%
PhilliesSam Thompson
22.6%
MarinersRaul Ibanez
20.5%
AngelsWally Joyner
19.4%
PhilliesEd Delahanty
19.4%
RoyalsDean Palmer
18.6%
White SoxLuke Appling
18.5%
OriolesJim Gentile
18.4%
PiratesPie Traynor
17.9%
NationalsTony Batista
17.5%
Blue JaysKelly Gruber
16.2%
TigersHarry Heilmann
16.1%
Red SoxVern Stephens
15.6%
Red SoxVern Stephens
15.6%
TwinsGoose Goslin
15.3%
TwinsGoose Goslin
15.3%
IndiansEarl Averill
14.6%
IndiansHal Trosky
14.5%
IndiansHal Trosky
14.5%
NationalsAl Oliver
14%
CardinalsJim Bottomley
12.5%
TwinsJoe Cronin
12%
TwinsJoe Cronin
12%
MetsBernard Gilkey
11.8%
DodgersBabe Herman
11.7%
RoyalsDarrell Porter
11.5%
RaysJorge Cantu
10.6%
GiantsHigh Pockets Kelly
10.5%
BravesHugh Duffy
10.3%
BravesHugh Duffy
10.3%
Red SoxWalt Dropo
9.9%
PiratesJake Beckley
8.9%
BravesWally Berger
8.5%
RoyalsAl Cowens
8.1%
RedsFrank McCormick
7.9%
RedsFrank McCormick
7.9%
GiantsIrish Meusel
5.4%
DodgersOyster Burns
4.3%
OriolesBaby Doll Jacobson
4.1%
White SoxZeke Bonura
3.9%
PhilliesDon Hurst
3.9%
DodgersJack Fournier
3.8%
OriolesMoose Solters
2.8%

You're not logged in!

Compare scores with friends on all Sporcle quizzes.
OR
Log In

Show Comments

Extras

Top Quizzes Today


Score Distribution

Your Account Isn't Verified!

In order to create a playlist on Sporcle, you need to verify the email address you used during registration. Go to your Sporcle Settings to finish the process.

Report this User

Report this user for behavior that violates our Community Guidelines.

Details: